000 00548nam a22002177a 4500
005 20230717141600.0
008 230717b ||||| |||| 00| 0 eng d
020 _a818719068X
040 _cAL
041 _aEnglish
082 _223
_a305.5122
_bRISI
100 _aH H Risley
_9127377
245 _aEthnology and Caste
260 _aNew Delhi
_bBlumoon Books
300 _a77 p.
_bPB
_c21.5x14 cm.
650 _aIndia
_9127378
650 _aCaste
_9127379
650 _aEthnology
_9127380
700 _aH H Risley
_9127377
942 _2ddc
_cDB
999 _c227926
_d227926